Statystyki dla Ortografia- Razem czy Osobno?

Kliknij tutaj aby rozwiązać quiz!

Ogólne statystyki

  • Ten quiz został rozwiązany 900 razy
  • Średni wynik to 13 z 25

Statystyki odpowiedzi

ZagadnienieOdpowiedź% Poprawnych
Razem czy osobno?Skoro
99%
Razem czy osobno?W ogóle
90%
Razem czy osobno?Bezinteresownie
83%
Razem czy osobno?Ktokolwiek
83%
Razem czy osobno?Chciałoby się
82%
Razem czy osobno?Jasnoniebieski
81%
Razem czy osobno?Nie sposób
74%
Razem czy osobno?Z powrotem
72%
Razem czy osobno?Naprawdę
71%
Razem czy osobno?Można by
69%
Razem czy osobno?Cywilnoprawny
64%
Razem czy osobno?Daleko idący
56%
Razem czy osobno?Dziko rosnący
53%
Razem czy osobno?Znienacka
52%
Razem czy osobno?Niczym niezagłuszony
49%
Razem czy osobno?Na co dzień
38%
Razem czy osobno?Pomalutku
36%
Razem czy osobno?Widzimisię
33%
Razem czy osobno?Zawczasu
29%
Razem czy osobno?Chybabyś
25%
Razem czy osobno?Nowo narodzony
14%
Razem czy osobno?Ponaddwumiesięczny
14%
Razem czy osobno?Nicnierobienie
13%
Razem czy osobno?Natenczas
12%
Razem czy osobno?Ożeż
9%

Rozkład punktacji

Percentyl według liczby udzielonych odpowiedzi

Procent ludzi z każdym wynikiem

Twoja historia wyników

Nie rozwiązałeś tego quizu